00313nam a2200121Ia 4500008004100000020001400041082001600055100001600071245001700087245003200104260004100136300001400177220610s9999 xx 000 0 und d a747532745 a891.46bROW aRowling J K aHarry Potter 8band the Philosopher's stone aLondon`bBloomsbury Publishersc1997 a223 PbPB